LEADER 01160nam a2200289 i 4500 001 000000151840 003 CaOOAMICUS 005 20220120145819.0 008 060713s1980 it u000 u ita u 013 $a129181 040 $aSeMil$bita 100 1 $aBromfield, Louis.$0(OLS)http://semarc/name/59631 245 10$aTerra selvaggia /$cLouis Bromfield ; traduzione di Irma Cimadori ; nota introduttiva di Ferruccio Fölkel. 260 $aMilano :$bArnoldo Mondadori Editore,$c1980. 300 $a216 p. ;$c19 cm. 500 $aFondo Ciprandi. 700 1 $aFölkel, Ferruccio.$0(OLS)http://semarc/name/36637 700 1 $aCimadori, Irma.$0(OLS)http://semarc/name/59632 830 0$aOscar ;$v1137.$0(OLS)http://semarc/title/8669 830 0$aOscar narrativa ;$v195.$0(OLS)http://semarc/title/423001 850 $aSeMil 852 $aSeMil$W1$xVenegono$y1$m1V II 180$j103819$B103819$CSeMilBibl$Z2$F112858 $81 941 1 $a1 961 $aOmaggio: Ciprandi dott. Paolo 996 $6245$aTerra selvaggia$9(OLS)http://semarc/title/221927 996 $6260$aMilano :$bArnoldo Mondadori Editore$9(OLS)http://semarc/publisher/30056 LEADER 01482nam a2200313 4500 001 000000348031 003 CaOOAMICUS 005 20211021144227.0 008 211004s2020 it 000 u ita r 020 $a978-88-6861-488-1 040 $aSeMil$bita 245 00$aDayton, 1995 :$bla fine della guerra in Bosnia Erzegovina, l'inizio del nuovo caos /$ca cura di Silvio Ziliotto e Luca Leone ; prefazione di Cristina Battocletti ; introduzione di Silvio Ziliotto e Luca Leone. 264 1$aModena :$bInfinito,$c2020. 300 $a189 p. ;$c22 cm 490 1 $aOrienti ;$v82 541 0 $aOmaggio mons. Mario Delpini (3V II 368) 650 4$aGuerra in Bosnia ed Erzegovina <1992-1995>.$0(OLS)http://semarc/subject/51055 700 1 $aBattocletti, Cristina.$0(OLS)http://semarc/name/114771 700 1 $aZiliotto, Silvio,$d<1971- >.$0(OLS)http://semarc/name/114767 700 1 $aLeone, Luca.$0(OLS)http://semarc/name/114770 830 0$aOrienti ;$v82.$0(OLS)http://semarc/title/437351 850 $aSeMil 852 $aSeMil$W1$xVenegono$y1$m3V II 368$j229763$B239068$CSeMilBibl$Z2$F239068 $81 941 1 $a7 961 $aOmaggio mons. Mario Delpini 996 $6020$a978-88-6861-488-1$9(OLS)http://semarc/number/294227 996 $6245$aDayton, 1995 :$bla fine della guerra in Bosnia Erzegovina, l'inizio del nuovo caos$9(OLS)http://semarc/title/437353 996 $6264$aModena :$bInfinito$9(OLS)http://semarc/publisher/60162 LEADER 00921nam a2200241 i 4500 001 000000234673 003 CaOOAMICUS 005 20141021000000.0 008 141021s1839 it u000 u ita u 013 $a213576 040 $aSeMil$bita 245 10$aAtanasio :$baffari di Colonia /$cdi G. Görres. 260 $aLugano :$bTipografia Veladini & C.,$c1839. 300 $aVII, 267 p. ;$c16 cm. 490 0 $aLa piccola biblioteca cattolica ;$v4 650 4$aLimbo.$0(OLS)http://semarc/subject/9693 830 3$aLa piccola biblioteca cattolica ;$v4.$0(OLS)http://semarc/title/37136 850 $aSeMil 852 $aSeMil$W1$xVenegono$y1$m3B I 100 FA$j185019$B185019$CSeMilBibl$Z2$F195947 $8I 941 1 $a10 961 $aRecupero: Mantegazza 996 $6245$aAtanasio :$baffari di Colonia$9(OLS)http://semarc/title/334853 996 $6260$aLugano :$bTipografia Veladini & C.$9(OLS)http://semarc/publisher/37640